Entry Personal Name
Number of records used in: 1
001 - CONTROL NUMBER
003 - CONTROL NUMBER IDENTIFIER
005 - DATE AND TIME OF LATEST TRANSACTION
- control field:
20231027145209.0
008 - FIXED-LENGTH DATA ELEMENTS
- fixed length control field:
220716n| azannaabn |a aaa
010 ## - LIBRARY OF CONGRESS CONTROL NUMBER
- LC control number:
n 2022242292
040 ## - CATALOGING SOURCE
- Original cataloging agency:
DLC
- Language of cataloging:
eng
- Description conventions:
rda
- Transcribing agency:
DLC
100 0# - HEADING--PERSONAL NAME
- Personal name:
R̲ihān R̲āṣid
370 ## - ASSOCIATED PLACE
- Place of birth:
Koyilandy (India)
371 ## - ADDRESS
- Electronic mail address:
jannarashid@gmail.com
- Source of information:
Aghōrikaḷuṭe iṭayil, December 2021
372 ## - FIELD OF ACTIVITY
- Field of activity:
Literature
- Source of term:
lcsh
374 ## - OCCUPATION
- Occupation:
Writers
- Source of term:
lcdgt
377 ## - ASSOCIATED LANGUAGE
400 1# - SEE FROM TRACING--PERSONAL NAME
- Personal name:
R̲āṣid, R̲ihān
400 0# - SEE FROM TRACING--PERSONAL NAME
- Personal name:
Rihan Rashid
400 1# - SEE FROM TRACING--PERSONAL NAME
- Personal name:
Rashid, Rihan
670 ## - SOURCE DATA FOUND
- Source citation:
Aghōrikaḷuṭe iṭayil, December 2021:
- Information found:
title page (R̲ihān R̲āṣid) t.p. verso (Rihan Rashid) p. 1 (born at Koyilandy, Kerala, India; Malayalam writer)